| 000 | 00755nam a22002297a 4500 | ||
|---|---|---|---|
| 999 |
_c8291 _d8291 |
||
| 003 | AR-CdUCM | ||
| 008 | 190322b ||||| |||| 00| 0 spa d | ||
| 020 | _a84-344-0145-2 | ||
| 040 |
_aMUNICIPALIDAD PROVINCIAL DEL CUSCO _cBIBLIOTECA MUNICIPAL DEL CUSCO |
||
| 082 |
_a560 / _bR26 |
||
| 100 |
_aRaup, David M. _923319 |
||
| 245 | _aPrincipios de paleontología / | ||
| 260 |
_aBarcelona : _bAriel, _c1978. |
||
| 300 |
_a456 páginas ; _c23 cm. |
||
| 505 | _aContenido : Descripción y clasificación de los fósiles -- Utilización de los datos paleontológicos ... | ||
| 650 |
_aPaleontología _923320 |
||
| 650 |
_aFósiles _923321 |
||
| 650 |
_aConservación _96143 |
||
| 700 |
_aStanley, Steven M. _923322 |
||
| 942 |
_2ddc _cLIBROS |
||
| 945 | _arah | ||